Southville International School and Colleges
Your cart is empty.
  • Cart
  • Lists
    Public lists Eva Luna New books Lux_list list_1
    Your lists Log in to create your own lists
  • Log in to your account
  • Your cookies
  • Search history
Southville International School and Colleges
  • Advanced search
  • Recent comments
  • Most popular
  • Libraries

Log in to your account

Log in with GOOGLE


If you do not have an external account, but do have a local account, you can still log in:

  1. Home
  2. MARC view: Complete chemistry for Cambridge IGCSE
Normal view MARC view ISBD view

Complete chemistry for Cambridge IGCSE (Record no. 116678)

[ view plain ]
MARC details
000 -LEADER
fixed length control field 00666nam a2200217Ia 4500
003 - CONTROL NUMBER IDENTIFIER
control field PILC
005 - DATE AND TIME OF LATEST TRANSACTION
control field 20160707113025.0
008 - FIXED-LENGTH DATA ELEMENTS--GENERAL INFORMATION
fixed length control field 140512s9999 xx 000 0 und d
020 ## - INTERNATIONAL STANDARD BOOK NUMBER
International Standard Book Number 9780199138784
050 ## - LIBRARY OF CONGRESS CALL NUMBER
Classification number QD 33
Item number .G162 2007
100 ## - MAIN ENTRY--PERSONAL NAME
Personal name Gallagher, Rose Marie
245 ## - TITLE STATEMENT
Title Complete chemistry for Cambridge IGCSE
Statement of responsibility, etc Rose Marie Gallagher ; Paul Ingram
250 ## - EDITION STATEMENT
Edition statement 2nd ed.
260 ## - PUBLICATION, DISTRIBUTION, ETC. (IMPRINT)
Place of publication, distribution, etc New York :
Name of publisher, distributor, etc Oxford University Press,
Date of publication, distribution, etc c2007.
300 ## - PHYSICAL DESCRIPTION
Extent 320 p. :
Other physical details col. Ill. ;
Dimensions 28 cm.
500 ## - GENERAL NOTE
General note Includes Reference, Glossary, Index
650 ## - SUBJECT ADDED ENTRY--TOPICAL TERM
Topical term or geographic name as entry element Chemistry
General subdivision Examinations -- Study guide
700 ## - ADDED ENTRY--PERSONAL NAME
Personal name Ingram, Paul
942 ## - ADDED ENTRY ELEMENTS (KOHA)
Koha item type Books
Source of classification or shelving scheme Library of Congress Classification
Holdings
Withdrawn status Lost status Damaged status Home library Current library Shelving location Date acquired Total Checkouts Total Renewals Full call number Barcode Date last seen Date checked out Price effective from Koha item type Source of classification or shelving scheme Source of acquisition Sub Shelving location Public note
      Luxembourg Library Luxembourg Library Teachers Reference Section 05/13/2014 3 3 QD 33 . G162 2007 19732 09/08/2017 09/04/2017 05/13/2014 Books        
      Luxembourg Library Luxembourg Library Teachers Reference Section 06/18/2015 2 7 QD 33 .G162 2007 20044 07/31/2017 07/20/2017 06/18/2015 Books Library of Congress Classification Library Fund   Be Amazing. Be Southville!

Complete chemistry for Cambridge IGCSE

APA

Gallagher R. M., Ingram P., . (2007). Complete chemistry for Cambridge IGCSE. New York: Oxford University Press.

Chicago

Gallagher Rose Marie, Ingram Paul, . 2007. Complete chemistry for Cambridge IGCSE. New York: Oxford University Press.

Harvard

Gallagher R. M., Ingram P., . (2007). Complete chemistry for Cambridge IGCSE. New York: Oxford University Press.

MLA

Gallagher Rose Marie, Ingram Paul, . Complete chemistry for Cambridge IGCSE. New York: Oxford University Press. 2007.

  • Place hold
  • Print
  • Cite
  • Add to your cart (remove)
  • Save record
    BIBTEX Dublin Core MARCXML MARC (non-Unicode/MARC-8) MARC (Unicode/UTF-8) MARC (Unicode/UTF-8, Standard) MODS (XML) RIS
  • More searches
    Search for this title in:
    Other Libraries (WorldCat) Other Databases (Google Scholar) Online Stores (Bookfinder.com) Open Library (openlibrary.org)

Exporting to Dublin Core...

SOUTHVILLE LIBRARY

Southville International School and Colleges Library

1281 Tropical Ave. Cor. Luxembourg St., BF Homes International, Las Pinas City

Tel. No. 8256374 / 252358 Loc. 117/146

Powered by Koha